| 000 | 01039cab a2200205 4500 | ||
|---|---|---|---|
| 001 | ##L134584 | ||
| 008 | 060817n2006 000 0 eng u | ||
| 035 | _a(Sirsi) u134584 | ||
| 041 | 0 | _aeng | |
| 100 | 1 | _aFisher, Peter | |
| 245 | 0 | 4 | _aThe perception and management of risk in UK office property development |
| 260 | _c2006 | ||
| 490 | 0 |
_aJournal of Property Research _v23(2) June 2006, 135-161(26) |
|
| 520 | _aPresents new knowledge about how property developers perceive risks and the means they subsequently adopt to manage them. Based on questionnaire survey and in-depth interviews with a selection of respondents to discuss and augment the findings. Respondents were asked about their perceptions of risk at the first appraisal stage and subsequently, and about the risk management techniques they had adopted. Graphs and tables. [Taken from journal abstract]. | ||
| 590 | _aIKA220806 | ||
| 651 | 4 |
_aUnited Kingdom _y |
|
| 690 | _aMANAGEMENT-PROJECT MANAGEMENT-PROJECT APPRAISAL | ||
| 700 | 1 | _aRobson, Simon | |
| 942 | _n0 | ||
| 999 |
_c77579 _d77579 |
||